000 00354nam a2200145Ia 4500
005 20251222144732.0
008 251222s9999||||xx |||||||||||||| ||spa||
020 _a8408034995
082 _a305.42/R17
100 _aRahola, Pilar
245 0 _aMujer Liberada, Hombre Cabreado
250 _a3a. ed.
264 _bEditorial Planeta, S. A.
942 _cLIB
999 _c18633
_d18633